Terror im System: der 11. September 2001 und die Folgen
| Contributors: | |
|---|---|
| Format: | Print Book |
| Language: | German |
| Published: |
Heidelberg
Carl-Auer-Systeme-Verlag
2002
|
| In: | Year: 2002 |
| Edition: | 1. Aufl. |
| Online Access: |
Table of Contents Table of Contents |
| Availability in Tübingen: | Present in Tübingen. IFK: C IX 480 |
| Check availability: | HBZ Gateway |
| Subito Delivery Service: | Order now. |
| Keywords: |
MARC
| LEADER | 00000cam a2200000 c 4500 | ||
|---|---|---|---|
| 001 | 349363994 | ||
| 003 | DE-627 | ||
| 005 | 20260206202316.0 | ||
| 007 | tu | ||
| 008 | 020619s2002 gw ||||| 00| ||ger c | ||
| 015 | |a 02,N27,0164 |2 dnb | ||
| 015 | |a 02,A40,0441 |2 dnb | ||
| 016 | 7 | |a 964579871 |2 DE-101 | |
| 020 | |a 3896702793 |c kart. : EUR 19.90, sfr 35.00 |9 3-89670-279-3 | ||
| 024 | 3 | |a 9783896702791 | |
| 035 | |a (DE-627)349363994 | ||
| 035 | |a (DE-603)105404667 | ||
| 035 | |a (DE-576)099538474 | ||
| 035 | |a (DE-599)GBV349363994 | ||
| 035 | |a (OCoLC)231964136 | ||
| 035 | |a (OCoLC)52494630 | ||
| 035 | |a (DE-H357)his24752 | ||
| 040 | |a DE-627 |b ger |c DE-627 |e rakwb | ||
| 041 | |a ger | ||
| 044 | |c XA-DE |c XD-US | ||
| 050 | 0 | |a HV6431 | |
| 084 | |a 16 |2 sdnb | ||
| 084 | |a 3,6 |a 7,26 |2 ssgn | ||
| 084 | |a MD 8920 |2 rvk |0 (DE-625)rvk/122569: | ||
| 084 | |a 15.87 |2 bkl | ||
| 084 | |a 89.58 |2 bkl | ||
| 245 | 0 | 0 | |a Terror im System |b der 11. September 2001 und die Folgen |c Dirk Baecker ... (Hrsg.) |
| 250 | |a 1. Aufl. | ||
| 263 | |a kart. : EUR 19.90, sfr 35.00 | ||
| 264 | 1 | |a Heidelberg |b Carl-Auer-Systeme-Verlag |c 2002 | |
| 300 | |a 241 S |b Ill |c 22 cm | ||
| 336 | |a Text |b txt |2 rdacontent | ||
| 337 | |a ohne Hilfsmittel zu benutzen |b n |2 rdamedia | ||
| 338 | |a Band |b nc |2 rdacarrier | ||
| 500 | |a Literaturangaben | ||
| 505 | 8 | |a Literaturangaben | |
| 583 | 1 | |a Archivierung/Langzeitarchivierung gewährleistet |f PEBW |x XA-DE-BW |2 pdager |5 DE-31 | |
| 650 | 0 | |a Terrorism | |
| 650 | 0 | |a September 11 Terrorist Attacks, 2001 | |
| 650 | 0 | 7 | |0 (DE-588)4667841-4 |0 (DE-627)340125586 |0 (DE-576)214841545 |a Elfter September |2 gnd |
| 650 | 0 | 7 | |0 (DE-588)4162078-1 |0 (DE-627)105465151 |0 (DE-576)209870818 |a Internationaler Terrorismus |2 gnd |
| 650 | 4 | |a Gewalt | |
| 650 | 4 | |a Terrorismus | |
| 650 | 4 | |a Internationaler Terrorismus | |
| 650 | 4 | |a Terroranschlag < 11. September 2001> | |
| 650 | 4 | |a Geschichte, 11. September 2001 | |
| 650 | 4 | |a Attentat | |
| 650 | 4 | |a Konfliktforschung | |
| 655 | 7 | |a Aufsatzsammlung |0 (DE-588)4143413-4 |0 (DE-627)105605727 |0 (DE-576)209726091 |2 gnd-content | |
| 689 | 0 | 0 | |d s |0 (DE-588)4667841-4 |0 (DE-627)340125586 |0 (DE-576)214841545 |a Elfter September |2 gnd |
| 689 | 0 | 1 | |d s |0 (DE-588)4162078-1 |0 (DE-627)105465151 |0 (DE-576)209870818 |a Internationaler Terrorismus |2 gnd |
| 689 | 0 | |5 DE-101 | |
| 700 | 1 | |a Baecker, Dirk |d 1955- |e Hrsg. |0 (DE-588)120032929 |0 (DE-627)080398502 |0 (DE-576)164467548 |4 edt | |
| 856 | 4 | 2 | |u http://www.gbv.de/dms/goettingen/349363994.pdf |m V:DE-601 |m B:DE-7 |q pdf/application |x Verlag |y Inhaltsverzeichnis |3 Inhaltsverzeichnis |7 1 |
| 856 | 4 | 2 | |u http://scans.hebis.de/HEBCGI/show.pl?10540466_toc.pdf |m V:DE-605 |q application/pdf |3 Inhaltsverzeichnis |7 1 |
| 935 | |a MZUSA | ||
| 935 | |i Blocktest | ||
| 936 | r | v | |a MD 8920 |b Terror, Gewalt, Mord |k Politologie |k Politische Theorie, Grundbegriffe des Politischen |k Politische Auseinandersetzung |k Terror, Gewalt, Mord |0 (DE-627)1271426560 |0 (DE-625)rvk/122569: |0 (DE-576)201426560 |
| 936 | b | k | |a 15.87 |j USA |x Geschichte |0 (DE-627)181569760 |
| 936 | b | k | |a 89.58 |j Politische Gewalt |0 (DE-627)106416960 |
| 936 | s | n | |a m100 |2 mzub |
| 938 | 1 | 0 | |0 (DE-627)1756222029 |0 (DE-615)6601433 |a Internationaler Terrorismus |2 fivt |
| 951 | |a BO | ||
| ELC | |b 1 | ||
| LOK | |0 000 xxxxxcx a22 zn 4500 | ||
| LOK | |0 001 3265788466 | ||
| LOK | |0 003 DE-627 | ||
| LOK | |0 004 349363994 | ||
| LOK | |0 005 20030807000000 | ||
| LOK | |0 008 030807||||||||||||||||ger||||||| | ||
| LOK | |0 040 |a DE-21-110 |c DE-627 |d DE-21-110 | ||
| LOK | |0 852 |a DE-21-110 | ||
| LOK | |0 852 1 |c C IX 480 |m p |9 00 | ||
| LOK | |0 935 |a k110 | ||
| LOK | |0 936ln |a 10.2 | ||
| LOK | |0 938 |k p | ||
| LOK | |0 939 |a 07-08-03 |b l01 | ||
| ORI | |a SA-MARC-krimdoka001.raw | ||
| SIG | |a IFK: C IX 480 | ||
